000 01188nab a22002657a 4500
999 _c5274
_d5274
003 OSt
005 20250211131604.0
008 190429b xxu||||| |||| 00| 0 spa d
040 _cPJ
100 _aLuque Wickham, María Guillermina
_96329
245 1 0 _a¿Por qué penar la obtención y la difusión no consentidas de material íntimo o erótico?
_bargumentos desde un enfoque de género /
_cMaría Guillermina Luque Wickham.
260 _cCiudad Autónoma de Buenos Aires :
_aThomson Reuters La Ley,
_b2025.
300 _ap. 141-169
500 _aCita: AR/DOC/69/2025.
505 _aSumario: I. Propósito.— II. Los argumentos.— III. Conclusión.
505 _tSi te interesa el texto completo, solicitalo a koha@justierradelfuego.gov.ar
650 0 _9343
_aDERECHO PENAL
650 0 _92724
_aDERECHO A LA INTIMIDAD
650 0 _95585
_aCONSENTIMIENTO
650 0 _94044
_aPERSPECTIVA DE GÉNERO
650 0 _95817
_aINTELIGENCIA ARTIFICIAL
650 0 _93053
_aVIOLENCIA DE GÉNERO
773 0 _02658
_93164
_tRevista de derecho penal y criminología. Nº 1 - Febrero 2025
_dCiudad Autónoma de Buenos Aires : Thomson Reuters La Ley, 2017-
_x00347914
942 _2udc
_cANA